STN EN ISO 9004: 2019 (01 0320) : manažérstvo kvality : kvalita organizácie : usmernenie na dosiahnutie udržateľného úspechu (ISO 9004: 2018) : september 2019
Salvato in:
| Natura: | Libro |
|---|---|
| Lingua: | slovacco |
| Pubblicazione: |
Bratislava :
ÚNMS
2019
|
| Soggetti: | |
| Tags: |
Nessun Tag, puoi essere il primo ad aggiungerne!!
|
MARC
| LEADER | 00000nam a22000003a 4500 | ||
|---|---|---|---|
| 001 | 0104150 | ||
| 005 | 20230817101739.2 | ||
| 008 | 050905s2005----xo------------------slo-d | ||
| 040 | |a STU |b slo | ||
| 041 | 0 | |a slo | |
| 044 | |a xo | ||
| 080 | |a 658.56 | ||
| 245 | |a STN EN ISO 9004: 2019 (01 0320) : |b manažérstvo kvality : kvalita organizácie : usmernenie na dosiahnutie udržateľného úspechu (ISO 9004: 2018) : september 2019 | ||
| 260 | |a Bratislava : |b ÚNMS |c 2019 | ||
| 300 | |a 64 s. | ||
| 500 | |a Táto norma nahrádza anglickú verziu STN EN ISO 9004 z novembra 2018, ktorá od 1.11.2018 nahradila STN EN ISO 9004 z mája 2010 v celom rozsahu | ||
| 650 | 7 | |a kvalita |2 stusub | |
| 650 | 7 | |a manažment kvality |2 stusub | |
| 996 | |b 284M089407 |c M* N-1708-1 |l MMKN |s A |a 24 |w 0104150_0001 | ||